000 01311nam a2200301 i 4500
001 9057
003 ES-MaACL
005 20250801063011.0
008 930202s1990 sp ||||1| spa d
017 _aM 43772-1990
_bOficina Depósito Legal Madrid
020 _a84-7232-569-5
024 7 _a028-90-020-8
_2nipo
080 _a27(460:64)"1907/1909"
100 1 _aAllendesalazar, José Manuel
_eaut
_920020
245 1 3 _aLa diplomacia española y Marruecos, 1907-1909 /
_cJosé Manuel Allendesalazar
260 _aMadrid :
_bAgencia Española de Cooperación Internacional, Instituto de Cooperación con el Mundo Árabe,
_c1990
300 _a274 páginas ;
_c25 cm
490 1 _aBiblioteca diplomática española.
_pEstudios (Agencia Española de Cooperación Internacional) ;
_v7
504 _aBibliografía: páginas 261-264
651 4 _aEspaña-
_xRelaciones-
_zMarruecos
_98470
710 2 _aAgencia Española de Cooperación Internacional.
_eedt
_91266
710 2 _aInstituto de Cooperación con el Mundo Árabe.
_eedt
_9163366
830 0 _aBiblioteca diplomática española.
_pEstudios (Agencia Española de Cooperación Internacional) ;
_v7
_9241466
852 _aES-MaACL
_cDEPO2
_jL-16463
942 _2udc
_cMONOGRAFIA
_n0
999 _c9057
_d9057